Pharmacological Aspects of Nursing Care (Record no. 252121)

MARC details
000 -LEADER
fixed length control field 00467pam a2200169a 44500
008 - FIXED-LENGTH DATA ELEMENTS--GENERAL INFORMATION
fixed length control field 230405s2013 xxu||||| |||| 00| 0 eng d
020 ## - INTERNATIONAL STANDARD BOOK NUMBER
International Standard Book Number 9781435489097
Terms of availability Rs. 5708/-
082 ## - DEWEY DECIMAL CLASSIFICATION NUMBER
Classification number 615.1024613
Item number BRO
100 ## - MAIN ENTRY--PERSONAL NAME
Personal name Broyles,Bonita E.
245 ## - TITLE STATEMENT
Title Pharmacological Aspects of Nursing Care
250 ## - EDITION STATEMENT
Edition statement 8th Ed.
260 ## - PUBLICATION, DISTRIBUTION, ETC.
Place of publication, distribution, etc. Australia
Name of publisher, distributor, etc. Delmar Cengage Learning
Date of publication, distribution, etc. 2013
300 ## - PHYSICAL DESCRIPTION
Extent 1510 p.
700 ## - ADDED ENTRY--PERSONAL NAME
Personal name Evans,Mary E.
700 ## - ADDED ENTRY--PERSONAL NAME
Personal name Reiss,Barry S.
906 ## - LOCAL DATA ELEMENT F, LDF (RLIN)
a 003891

No items available.